Prevencia vzniku drogových závislostí na základných a stredných školách

Výsledky výskumu z vybraných základných a stredných škôl v krajoch na Slovensku. Možnosti primárnej prevencie drogových závislostí a ďalších sociálnopatologických javov.

Gespeichert in:
Bibliographische Detailangaben
1. Verfasser: Niklová, Miriam
Format: Buchkapitel
Sprache:Slowakisch
Schlagworte:
Tags: Tag hinzufügen
Keine Tags, Fügen Sie das erste Tag hinzu!

MARC

LEADER 00000naa a2200000 4500
001 0179660
005 20231127102822.1
041 0 |a slo 
044 |a SK 
245 1 0 |a Prevencia vzniku drogových závislostí na základných a stredných školách  |c Miriam Niklová 
520 |a Výsledky výskumu z vybraných základných a stredných škôl v krajoch na Slovensku. Možnosti primárnej prevencie drogových závislostí a ďalších sociálnopatologických javov. 
610 2 0 |a správanie sociálne 
610 2 0 |a psychológia pedagogická 
610 2 0 |a žiaci 
610 2 0 |a študenti 
610 2 0 |a drogy 
610 2 0 |a výskum 
610 2 0 |a prevencia 
610 2 0 |a Slovensko 
100 1 |a Niklová, Miriam